000 00441nam a2200145 a 4500
090 _aLB
_b04980
041 _afre
100 _aRebillard, Pierre
_992364
245 _aContribution a la connaissance des Riodinidae Sud-Americains (Insectes Lépidopteres)
260 _aParĂ­s
_bEditions du Museum
_c1958
300 _a215 p.
440 _aMemoires du Museum National D'Histoire Naturelle
_n15
_992365
942 _cIMPRESO
945 _d2007-08-01
999 _c5724
_d5724